The honeycomb bid

保存先:
書誌詳細
フォーマット: 図書
タグ: タグ追加
タグなし, このレコードへの初めてのタグを付けませんか!
Thư viện lưu trữ: Mạng thư viện Đại học Đà Nẵng
LEADER 00402nam a22001691a 4500
001 000040514
003 16809
005 20160412023228.0
008 160412s0 000
082 |a A2342 
245 |a The honeycomb bid  |c Berent Sandberg 
OWN |a LNN 
999 |a From the UDN01 
TYP |a Monograph 
980 |a Mạng thư viện Đại học Đà Nẵng